000 00453nam a2200181Ia 4500
001 14429
005 20260306164913.0
008 260306t2002||||xx |||||||||||||| ||spa||
041 _aESP
082 _a515
_bB59
100 _aBittinger Marvin L.
_eAUT
245 0 _aCalculo:
_bPara ciencias económico - administrativas
260 _c2002
300 _axxii, 569 páginas :
_c25 cm.
650 _aGEN
654 _aCMA
942 _cLIB
_dJUS
_fJUS
_2ddc
_n
999 _c14429
_d14429